Catalog

Record Details

Catalog Search



Available copies

  • 2 of 3 copies available at LARL/NWRL Consortium.
  • 0 of 1 copy available at Lake Agassiz Regional Library. (Show preferred library)

Current holds

0 current holds with 3 total copies.

Show Only Available Copies
Location Call Number / Copy Notes Barcode Shelving Location Status Due Date
Moorhead Public Library E J (Text) 33500012732681 Main Checked out 06/06/2026
Warroad Public Library e JEF (Text) 35500005045511 Main Available -
Warroad Public Library e JEF (Text) 35500006857369 Main Available -

Record details

  • ISBN: 9780399257377
  • ISBN: 0399257373
  • ISBN: 9781984813558
  • Physical Description: 1 v. (unpaged) : col. ill. ; 32 cm.
  • Publisher: New York : Philomel Books, 2011.

Content descriptions

Summary, etc.:
When Floyd's kite gets stuck in a tree, he tries ... Read More
Subject: Humorous stories.
Kites > Juvenile fiction.
Kites > Fiction.
Trees > Juvenile fiction.
Trees > Fiction.
Humorous stories.
LDR 01517cam a22003978a 4500
001136370
003LARL_NWRL_CONSORTIUM
00520250423183527.0
008110610s2011 nyua b 000 1 eng
010 . ‡a2011016349
020 . ‡a9780399257377
020 . ‡a0399257373
020 . ‡a9781984813558
035 . ‡a(OCoLC)707969161
040 . ‡aDLC ‡beng ‡cDLC ‡dBTCTA ‡dIK2 ‡dJRS ‡dOCLCQ
042 . ‡alcac ‡apcc
08200. ‡a[E] ‡223
1001 . ‡aJeffers, Oliver. ‡0(LARL_NWRL_CONSORTIUM)191104
24510. ‡aStuck / ‡cOliver Jeffers.
260 . ‡aNew York : ‡bPhilomel Books, ‡c2011.
300 . ‡a1 v. (unpaged) : ‡bcol. ill. ; ‡c32 cm.
520 . ‡aWhen Floyd's kite gets stuck in a tree, he tries to knock it down with increasingly larger and more outrageous things.
650 0. ‡aHumorous stories. ‡0(LARL_NWRL_CONSORTIUM)22555
650 0. ‡aKites ‡vJuvenile fiction.
650 0. ‡aKites ‡vFiction.
650 0. ‡aTrees ‡vJuvenile fiction.
650 0. ‡aTrees ‡vFiction.
650 1. ‡aHumorous stories. ‡0(LARL_NWRL_CONSORTIUM)22555
901 . ‡a136370 ‡bOCLC ‡c136370 ‡tbiblio

Additional Resources